Quizzes
Events
Quiz Creation
Community
Videos
Private Events
Remove Ads
Sign In
Join for FREE
Feedback
Dark Mode
Quiz Categories
Sports
Geography
Music
Movies
Television
Just For Fun
Miscellaneous
History
Literature
Language
Science
Gaming
Entertainment
Religion
Holiday
For Kids
Quiz Lab
Recent
Popular Today
Quiz Kudos Today
Editor Picks
Curator Picks
Quizzes by...
Day
Popularity
Type
Ratings
Length
Year
Community
Subscriptions
Recent Discussions
Orange Saloon
Badges
Playlists
Quests
Create
Leaderboards
Showdown
Live 5
Trivia Bingo
Activity
Puzzle Library
Sporcle Events
Private Events
Virtual Trivia
Globe League
Become a Host
Pub Owners
SporcleCon
Opinionation
Our Games
Videos
Blog
Mobile Apps
Partnerships
Remove Ads and Go Orange
Feedback
Sports
Athletes
MLB
NBA
NHL
NFL
Soccer
Sports Teams
WWE
NCAA
Football
Premier League
Basketball
Baseball
Hockey
Golf
Tennis
Cricket
Rugby
Auto Racing
Olympics
World Cup
Sports
Athletes
MLB
NBA
NHL
NFL
Soccer
Sports Teams
WWE
NCAA
Football
Premier League
Basketball
Baseball
Hockey
Golf
Tennis
Cricket
Rugby
Auto Racing
Olympics
World Cup
Random Quiz
Search Sporcle
×
Quiz Lab
Quiz Lab
Sports
Auto Racing
Type in answers that appear in a list
Type in answers that appear in a list
Classic
Best Score? Go Orange.
NASCAR Cup drivers of Joe Gibbs Racing Stats
Can you name the NASCAR Cup Series drivers of Joe Gibbs Racing?
By
taterracing
5m
17 Questions
1,411 Plays
1,411 Plays
1,411 Plays
Comments
Comments
Give Quiz Kudos
Give Quiz Kudos
-
- Ratings
hide this ad
Replay
Link that replays current quiz
Next Quiz
Link to next quiz in quiz playlist
You Got
0%
They Got
Avg Score
56%
Avg Friend Score
Upgrade to see
Score Distribution
Jump to the score distribution portion of the page
Score
0/17
Timer
05:00
0
Plays Today
Year(s)
Driver
% Correct
2008-
Present
Kyle Busch
96.4%
2005-
Present
Denny Hamlin
95.9%
1999-
2008
Tony Stewart
91.5%
1995-
2005
Bobby Labonte
91.4%
2013-
Present
Matt Kenseth
88.5%
2005
Terry Labonte
87.2%
2008-
2012
Joey Logano
84.5%
1992-
1994
Dale Jarrett
76.3%
2004-
2007
J.J. Yeley
69.6%
Year(s)
Driver
% Correct
2005
Jason Leffler
56.5%
2013-
Present
Elliott Sadler
39.3%
2013
Mark Martin
37.5%
2013-
Present
Brian Vickers
33.6%
2003-
2004
Mike Bliss
25.4%
2007
Aric Almirola
22.1%
2009
David Gilliland
21.8%
2004
Ricky Craven
17.4%
Quiz Playlist
Details
Report
Send in Message
Add To Playlist
Classic:
Type in answers that appear in a list
Last Updated: Feb 16, 2017
Quiz Scoreboard
CHALLENGE
Sign Up to Join the Scoreboard
Show All
Scores
Hide
Comments
May contain spoilers
Recently Published
Billboard Blitz: Fleetwood Mac
by CooCooCachoo
Music
15s
Presidents Visiting Landmarks
by Hejman
History
7m
An Introduction to Baseball
by treessimontrees
Sports
5m
More to Explore
Quiz From the Vault
Featured Blog Post
Where Did the Easter Bunny Come From?
hide this ad
You Might Also Like...
Tags
Auto Racing Quiz
cup
Cup Series
Driver
gibb
joe
NASCAR
Racing
Today's Top Quizzes in Sports
Browse Sports
hide this ad
Today's Top Quizzes in Auto Racing
Browse Auto Racing
Top Contributed Quizzes in Sports
1
Les meilleurs buteurs des matchs entre le PSG et l’OM
2
2022 World Cup Stars
3
FIFA Club World Cup Champions
4
Les entraîneurs de l'OM et du PSG au 21e siècle
5
Name the Premier League winners with different clubs
6
5-to-1: UK Sports Teams
7
La finale Lions - Afrique du Sud 2021
8
Criteria MLB: Left Handed Sluggers
9
AFC Teams Reveal (Wrong Answers Minefield)
10
England Test cricketers to play under Nasser Hussain
Explore More
Trending Topics
Harry Potter
Anime
Disney
Kpop
NBA
Crossword
Marvel
Song
The Office
WWE
Country
Puzzle
Pokémon
NFL
Soccer
hide this ad
More By:
taterracing
Quiz
Plays
Rating
Category
Featured
Created
NASCAR Cup drivers of Joe Gibbs Racing
1,411
3.20
Sports
Jan 26, 2010
NASCAR Sprint Cup winners at Loudon, NH
884
4.00
Sports
Nov 22, 2009
Songs covered by The Clash
358
4.50
Music
Oct 20, 2009
Caution-Free NASCAR Race Winners
349
4.50
Sports
Oct 21, 2009
Clash - Original Albums
258
4.80
Music
Oct 16, 2009
Go to Creator's Profile
Score Distribution
Quiz Creator Spotlight
taterracing
Follow
Send a Message
Quizzes Created
-
Created Quiz Play Count
-
More By This Creator
Popular Quizzes Today
1
Find the US States - No Outlines Minefield
2
Find the Countries of Europe - No Outlines Minefield
3
The Countries of the World
4
Find the US States
5
Popular People in 1961
6
US States
7
Risky Map Clicking: Biggest States A-Z
8
Movies - When Are They Set?
More Sports Quizzes
County Cricket Grounds by Names of Ends
Quiz Lab
Trending Quizzes
Risky Map Clicking: Least Populous States A-Z
1-10 Letter G Words
1-10 Letter F Words
Risky Map Clicking: Next State Alphabetically
Risky Map Clicking: Biggest States A-Z
Recently Updated
Leaping Animals
pecheneg
Reality TV Shows (A-Z)
bhenderson79
Rickey Henderson's Hall of Fame Teammates
pecheneg
Champions League XIs: Arsenal
pecheneg
Quick Pick: Celebrities in WWE's Hall of Fame
aduchscher
A-Z Keypad Blitz II
pecheneg
Multiple Oscar Actors
pecheneg
Mystery Phrase Blitz: Oscar 'Best Actors'
pecheneg
F. Scott Fitzgerald Novels
LTH
Pick 3 Villains
ddd62291
Trending Topics
NBA
Disney
Harry Potter
Kpop
Anime
Crossword
Marvel
WWE
Pokémon
Country
NFL
Puzzle
Soccer
Song
The Office
Your Account Isn't Verified!
In order to create a playlist on Sporcle, you need to verify the email address you used during registration. Go to your
Sporcle Settings
to finish the process.
Report this User
Report this user for behavior that violates our
Community Guidelines
.
Details:
Send Report
Go to the Sporcle.com Mobile Site →
Comments